| 000 | 00546nam a2200193Ia 4500 | ||
|---|---|---|---|
| 005 | 20250508153714.0 | ||
| 008 | 008 250505s9999 xx 000 0 eng d | ||
| 037 | _aBooks to be hide in OPAC | ||
| 040 |
_aFEDL _beng _cFEDL |
||
| 041 |
_aeng _2eng |
||
| 084 |
_a378.425 9, CAM/O _qFEDL |
||
| 100 |
_aVenn John _954198 |
||
| 245 | 0 | _aCaius college | |
| 245 | 0 | _cUniversity Of Cambridge | |
| 260 |
_aLondon, UK _bF E Robinson and Co. _c1901 |
||
| 300 | _a271p. | ||
| 942 |
_cHB _h378.425 9, CAM/O |
||
| 999 |
_c1344874 _d1344874 |
||